Mamut

Podrobná bibliografia
Ďalší autori: Cox, Tim (Režisér)
Médium: Video DVD
Jazyk:angličtina
čeština
maďarčina
Fyzický popis:1 videodisk (DVD) (86 min.) fareb., zvuk.
Vydavateľské údaje: Bratislava Intersonic 2007
Predmet:

MARC

LEADER 00000ngm a2200000 a 4500
001 vtls008943044
003 SK-MaSNL
005 20260301170119.0
007 vd cvaizs
008 070206s2007 xo 086 e vleng
028 4 2 |a 99315  |b Intersonic 
040 |a SNK  |b slo  |c SNK  |e AACR2 
041 1 |a eng  |a cze  |a hun  |b cze  |b hun  |h eng 
044 |a xo  |c SK 
072 7 |a 791  |x Film. Cirkus. Ľudová zábava  |2 konspekt 
080 |a 791.221.7  |2 2001 
080 |a (0034.44)  |2 2001 
130 0 |a Mammoth  |l Česky  |9 535841 
245 1 0 |a Mamut  |h videozáznam  |c [réžia] Tim Cox 
260 |a Bratislava  |b Intersonic  |c 2007 
300 |a 1 videodisk (DVD) (86 min.)  |b fareb., zvuk. 
500 |a Zvuk Dolby Digital ; obraz PAL 16:9 
500 |a Názov z obalu 
521 8 |a Nevhodné pre mládež do 15 r. 
650 0 7 |a hrané filmy  |2 SNKPH  |9 68885 
650 0 7 |a akčné filmy  |2 SNKPH  |9 51531 
655 7 |a DVD  |2 SNKPH  |9 70751 
700 1 |a Cox, Tim  |4 drt  |9 535842 
999 |c 826549  |d 828479 
952 |a SNK  |b SNK  |y PREZ  |7 0  |p 17A0539000  |o snkSDVD 145  |i snk2007/3365  |8 0  |0 0  |1 0  |4 0  |d 2007-02-06  |l 0  |r 2026-02-24 03:24:08  |w 2026-02-24